V programe koncerty i divadelné predstavenie Od pondelka do piatku budú Košice dejiskom Medzinárodného festivalu súčasnej hudby MUSICA NOVA

Bibliographic Details
Main Author: Urbanová, Agáta (Author)
Format: Article
Language:Slovak
Subjects:

MARC

LEADER 00000nab a2200000 a 4500
001 vtls000909074
003 SK-MaSNL
005 20260302172657.0
008 040720e20020404xo 0 slo
035 |a KE18004 
040 |a KEVKJB  |b slo  |c KEVKJB  |e AACR2 
041 0 |a slo 
044 |a xo  |c SK 
080 |a 785.7  |2 1981 
100 1 |a Urbanová, Agáta  |4 aut  |9 510838 
245 1 0 |a V programe koncerty i divadelné predstavenie  |b Od pondelka do piatku budú Košice dejiskom Medzinárodného festivalu súčasnej hudby MUSICA NOVA 
300 |b 2 obr. 
611 1 7 |a MUSICA NOVA (festival)  |2 KEVKJB  |9 879057 
650 0 7 |a hudba  |2 KEVKJB  |9 1063 
650 0 7 |a festivaly medzinárodné  |2 KEVKJB  |9 878621 
650 0 7 |a program  |2 KEVKJB  |9 873327 
650 0 7 |a informácie  |2 KEVKJB  |9 1285 
651 7 |a Košice (Slovensko)  |2 KEVKJB  |9 18694 
651 7 |a KE,  |2 KEVKJB  |9 877256 
655 7 |a periodikum  |2 snkbucl  |9 29553 
773 0 8 |t Košický večer  |g Roč. 13  |g Roč. 34, č.65, 4.4.2002, s. 7 
852 |a ZVYKNI  |b KIS3GCP 
999 |c 1399430  |d 1401360